| 000 | 01526nam a2200337Ia 4500 | ||
|---|---|---|---|
| 001 | 35832663 | ||
| 003 | OCoLC | ||
| 005 | 20250423141717.0 | ||
| 008 | 961101s1996 nyuab b 001 0 eng d | ||
| 020 | _a0884861511 : | ||
| 020 | _a9780884865285 | ||
| 035 | _a(OCoLC)35832663 | ||
| 040 |
_aOCO _cOCO _dOUN |
||
| 082 |
_a230 _bLEW 1 |
||
| 090 |
_aPR6023.E926 _bA6 1996x |
||
| 100 | 1 |
_aLewis, C. S. _q(Clive Staples), _d1898-1963 |
|
| 245 | 1 | 4 | _aThe timeless writings of C. S. Lewis |
| 250 | _a1st Inspirational Press ed | ||
| 260 |
_aNew York : _bInspirational Press, _c1996 |
||
| 300 |
_a537 p. : _bill., map ; _c25 cm |
||
| 504 | _aIncludes bibliographical references and index | ||
| 505 | 0 | _aThe pilgrim's regress -- Christian reflections -- God in the dock | |
| 505 | 0 | _aLewis's three-in-one anthology reflects the beloved author's wide range of interests and desire to relate faith to every area of life! Includes The Pilgrim's Regress, the first book he wrote after his conversion to Christianity; Christian Reflections, shorter writings on Christianity and culture; and God in the Dock, apologetic essays on science, religion, and more | |
| 630 | _aThe collected works of C. S. Lewis | ||
| 650 | 0 | _aTheology | |
| 650 | 0 |
_aChristianity _y20th century |
|
| 700 | 1 | 2 |
_aLewis, C. S. _q(Clive Staples), _d1898-1963. _tPilgrim's regress |
| 700 | 1 | 2 |
_aLewis, C. S. _q(Clive Staples), _d1898-1963. _tChristian reflections |
| 700 | 1 | 2 |
_aLewis, C. S. _q(Clive Staples), _d1898-1963. _tGod in the dock |
| 942 |
_2ddc _cBK _n0 |
||
| 999 |
_c10645 _d10645 |
||